Gender and disability : (Record no. 41973)

MARC details
000 -LEADER
fixed length control field 00624 a2200169 4500
008 - FIXED-LENGTH DATA ELEMENTS--GENERAL INFORMATION
fixed length control field 130619b xxu||||| |||| 00| 0 eng d
020 ## - INTERNATIONAL STANDARD BOOK NUMBER
International Standard Book Number 9780855983635
050 ## - LIBRARY OF CONGRESS CALL NUMBER
Classification number HV1569.3.W65 A68 1997
100 ## - MAIN ENTRY--PERSONAL NAME
Personal name Lina Abu-Habib
245 ## - TITLE STATEMENT
Title Gender and disability :
Remainder of title women's experiences in the Middle East /
Statement of responsibility, etc Abu-Habib, Lina
260 ## - PUBLICATION, DISTRIBUTION, ETC. (IMPRINT)
Date of publication, distribution, etc 1997
Name of publisher, distributor, etc Oxfam
300 ## - PHYSICAL DESCRIPTION
Extent vi, 94 p. :
Other physical details ill.,
Dimensions 22 cm.
650 ## - SUBJECT ADDED ENTRY--TOPICAL TERM
Topical term or geographic name as entry element Women with disabilities -- Middle East.
650 ## - SUBJECT ADDED ENTRY--TOPICAL TERM
Topical term or geographic name as entry element Women with disabilities -- Middle East -- Social conditions.
650 ## - SUBJECT ADDED ENTRY--TOPICAL TERM
Topical term or geographic name as entry element Discrimination against people with disabilities -- Middle East.
942 ## - ADDED ENTRY ELEMENTS (KOHA)
Item type Book
Source of classification or shelving scheme Library of Congress Classification
Holdings
Withdrawn status Lost status Source of classification or shelving scheme Damaged status Not for loan Collection code Home library Current library Shelving location Date acquired Source of acquisition Total Checkouts Total Renewals Full call number Barcode Date last seen Date last borrowed Copy number Price effective from Koha item type
    Library of Congress Classification     Non-fiction Bishop Okullu Memorial Library (Limuru Campus) Bishop Okullu Memorial Library (Limuru Campus) General Circulation 19/06/2013 purchase 2 2 HV1569.3.W65 A68 1997 036900 27/05/2024 18/03/2024 1 19/06/2013 Book
    Library of Congress Classification     Non-fiction Bishop Okullu Memorial Library (Limuru Campus) Bishop Okullu Memorial Library (Limuru Campus) General Circulation 19/06/2013 purchase 9 2 HV1569.3.W65 A68 1997 036904 12/11/2024 22/10/2024 5 19/06/2013 Book
    Library of Congress Classification     Non-fiction Bishop Okullu Memorial Library (Limuru Campus) Bishop Okullu Memorial Library (Limuru Campus) General Circulation 19/06/2013 purchase 6   HV1569.3.W65 A68 1997 036907   25/02/2017 7 19/06/2013 Book
    Library of Congress Classification     Non-fiction Nairobi Campus Nairobi Campus General Circulation 19/06/2013 purchase 1   HV1569.3.W65 A68 1997 036901   05/03/2020 2 19/06/2013 Book
    Library of Congress Classification     Non-fiction Nairobi Campus Nairobi Campus General Circulation 19/06/2013 purchase 3   HV1569.3.W65 A68 1997 036902   25/05/2017 3 19/06/2013 Book
    Library of Congress Classification     Non-fiction Nairobi Campus Nairobi Campus General Circulation 19/06/2013 purchase 8   HV1569.3.W65 A68 1997 036903 25/09/2025 10/09/2025 4 19/06/2013 Book
    Library of Congress Classification     Non-fiction Nakuru Campus Nakuru Campus General Circulation 19/06/2013 purchase     HV1569.3.W65 A68 1997 036905     8 19/06/2013 Book
    Library of Congress Classification     Non-fiction Nakuru Campus Nakuru Campus General Circulation 19/06/2013 purchase     HV1569.3.W65 A68 1997 036906     6 19/06/2013 Book